Фильмы с Кристианом Бэйлом - Армагеддон - Statistics

General Stats
  • This quiz has been taken 25 times
  • The average score is 6 of 20
Answers on the Grid
Answers color-coded by a green-red scale on the quiz's grid according to % correct below.
Начало времён
Эквилибриум
Парень-каратист
А в душе я танцую
Хэнкок
Машинист
Тёмный рыцарь
Ford против Ferrari
Завтрак для чемпионов
Цветы войны
Пекло
Братья Систерс
Меня там нет
Игра на понижение
Роб Рой
Американский психопат
Престиж
Зеркальная кожа
Последний из могикан
В ожидании Годо
Крутые времена
Империя Солнца
Боец
Джон Картер
Спасительный рассвет
Империя света
Адаптация
Рыцарь кубков
Терминатор: Спасение
Алита: Боевой ангел
Поезд на Юму в 3:10
Лак для волос
Фаворитка
Продавцы новостей
Гонка
Власть
Враги народа
Книга Илая
Джек Ричер
Принц Ютландии
 
Answer Stats
Answer % Correct
Американский психопат
90%
Тёмный рыцарь
81%
Эквилибриум
71%
Машинист
67%
Престиж
62%
Ford против Ferrari
57%
Игра на понижение
43%
Поезд на Юму в 3:10
43%
Боец
38%
Цветы войны
19%
Терминатор: Спасение
19%
Империя Солнца
14%
Власть
14%
Меня там нет
10%
Крутые времена
5%
Спасительный рассвет
5%
Рыцарь кубков
0%
Продавцы новостей
0%
Враги народа
0%
Принц Ютландии
0%
No matching quizzes found
Score Distribution
Percent of People with Each Score
Percentile by Number Answered
Your Score History
You have not taken this quiz